000
00270nam a2200121Ia 4500
005
20251222141854.0
008
251222s9999||||xx |||||||||||||| ||spa||
082
_a
868.901/B16
100
_a
Bakú, Lasso de
245
0
_a
Cieno
264
_b
Lluvia Editores
942
_c
LIB
999
_c
7836
_d
7836